The Potato storage : design, construction, handling, and environmental control /

Guardado en:
Otros Autores: Cargill, Burton F., (Editor , ed.)
Formato: Libro
Idioma:English
Publicado: East Lansing : St. Joseph, Mich. : Michigan State University ; available from American Society of Agricultural Engineers, c1976.
Materias:
Etiquetas: Agregar Etiqueta
Sin Etiquetas, Sea el primero en etiquetar este registro!
LEADER 00803nam a22001935a 4500
001 EIQ.libpla001499
008 760730s1976####miuaf####b####000#0#eng#d
005 20061026175038.0
245 0 4 |a The Potato storage :  |b design, construction, handling, and environmental control /  |c editor B. F. Cargill. 
260 |a East Lansing :  |b Michigan State University ;  |a St. Joseph, Mich. :  |b available from American Society of Agricultural Engineers,  |c c1976. 
300 |a vii, 466 p., [5] h. de láms. (3 plegs.) :  |b il. ;  |c 23 cm. 
504 |a Incluye referencias bibliográficas. 
700 1 |a Cargill, Burton F.,  |e ed.  |4 edt 
082 0 0 |a 635/.21/6 
650 4 |a Papas  |x Almacenaje. 
650 0 |a Potatoes  |x Storage. 
010 |a  75039481  
040 |a DLC  |c DLC  |d AR-BbSID 
859 |a AR-BbSID  |b BIB. PLAPIQUI  |h 641.352 1  |i P 848  |p 874